Six sigma and the product development (Record no. 177406)

000 -LEADER
fixed length control field 00371nam a2200133Ia 4500
008 - FIXED-LENGTH DATA ELEMENTS--GENERAL INFORMATION
fixed length control field 220217s9999||||xx |||||||||||||| ||und||
020 ## - INTERNATIONAL STANDARD BOOK NUMBER
International Standard Book Number 0-7506-6218-2
082 ## - DEWEY DECIMAL CLASSIFICATION NUMBER
Classification number 658.562 WIL
100 ## - MAIN ENTRY--PERSONAL NAME
Personal name Wilson, Graham
9 (RLIN) 6070
245 #0 - TITLE STATEMENT
Title Six sigma and the product development
260 ## - PUBLICATION, DISTRIBUTION, ETC.
Place of publication, distribution, etc. Elsevier Academic press
Name of publisher, distributor, etc. Amsterdam
Date of publication, distribution, etc. 2005
300 ## - PHYSICAL DESCRIPTION
Other physical details 1350
650 ## - SUBJECT ADDED ENTRY--TOPICAL TERM
Topical term or geographic name entry element MANAGEMENT
Holdings
Withdrawn status Lost status Damaged status Not for loan Collection code Home library Current library Shelving location Date acquired Full call number Barcode Date last seen Price effective from Koha item type
        Electronics and Communication Engineering Central Library Central Library Reference 02/18/2022 658.562 WIL 12595 02/18/2022 02/18/2022 Books

Powered by Koha